000 00495nam a22001577a 4500
999 _c533811
_d533811
020 _qHard Cover.
082 _a624.01
100 _aJavaid, Waqas
245 _aEffectiveness of Various Curing Techniques in Concrete /
_cWaqas Javaid.
260 _aIslamabad:
_bNICE - NUST,
_c2016.
300 _a53 p. :
_bill. ;
_c30cm.
942 _2ddc
_cTHE
650 _aStructural Engineering MS-Thesis.
_917039
700 _aDr. Wasim Khaliq
_927538